000 00689nam a2200229Ia 4500
003 OSt
005 20220923214710.0
006 a|||||r|||| 00| 0
007 ta
008 220922b |||||||| |||| 00| 0 hin d
024 _a171,764
037 _cTextual
040 _aARTS
_cARTS
_bhin
041 _2hin
_ahin
082 _aO152:3N273:1, L4
100 _aसक्सेना, सर्वेश्वर दयाल
_9157127
245 0 _aउड़े हुए रंग
246 _aUड़e hue ranga
260 _c1974
942 _hO152:3N273:1, L4
_cTEXL
_2CC
999 _c325905
_d325905